Michael Jackson Songs # 2 - Statistics

General Stats
  • This quiz has been taken 223 times
  • The average score is 28 of 45
Answer Stats
Hint Song % Correct
Dangerous Dangerous
92%
HIStory HIStory
81%
Invincible Invincible
80%
Dangerous Jam
80%
Dangerous Black Or White
79%
Dangerous Remember The Time
75%
Dangerous Heal The World
73%
HIStory They Don't Care About Us
73%
Invincible You Rock My World
73%
HIStory Scream
72%
HIStory Earth Song
71%
Invincible Butterflies
66%
Dangerous Give In To Me
65%
Dangerous Who Is It
65%
Dangerous Why You Wanna Trip On Me
64%
HIStory You Are Not Alone
64%
Invincible Unbreakable
63%
HIStory Stranger In Moscow
61%
Dangerous Gone Too Soon
60%
HIStory Little Susie
60%
Dangerous Will You Be There
60%
Invincible Heartbreaker
58%
Invincible Break Of Dawn
57%
Invincible Cry
57%
HIStory D.S.
57%
Invincible Heaven Can Wait
57%
HIStory Tabloid Junkie
57%
HIStory 2 Bad
56%
Dangerous In The Closet
56%
Dangerous She Drives Me Wild
56%
HIStory Smile
56%
HIStory ChildHood
55%
Dangerous Keep The Faith
55%
Invincible Whatever Happens
55%
Invincible Speechless
54%
Dangerous Can't Let Her Get Away
53%
Invincible Threatened
53%
HIStory Come Together
52%
HIStory Money
51%
Invincible Privacy
51%
Invincible The Lost Children
51%
HIStory This Time Around
51%
Invincible 2000 Watts
50%
Invincible You Are My Life
48%
Invincible Don't Walk Away
43%
No matching quizzes found
Score Distribution
Percent of People with Each Score
Percentile by Number Answered
Your Score History
You have not taken this quiz